00977nam a22002897a 45000010005000000030009000050050017000140070005000310080037000360200018000730400022000910410013001130920025001261000028001512400032001792450115002112600042003263000027003687000025003957000030004209420012004509450027004629520110004899560021005999560052006209990015006720074DO-SdBNP20180131152224.00074151026b 1999 sp 00| 0 spa d a9788427234512 aBPMSUbspacBPMSU17aspaheng axxxxxxxxxbxxxxxxxxx10aBlyton, Enidd1897-19681 aThe twins at St. Clare´s /14aLas mellizas cambian de colegio /cEnid Blyton ; traducción Isabel Franco ; ilustración José María Bea aBarcelona, España :bMolino,c1999. a181 p. :bil.,c18 cm.10aFranco, Isabel,etr.10aBea, José María,eil. 2ddccBK aInventariado, 2018/ YL 00102ddc40708CJ-GaBPMETbBPMETd2015-10-26eDonaciónl0pBPMSU15100181r2015-10-26w2015-10-26yBK aBrenda Tavárez aYngrid Lockward2YLOCKWARD3108BPMSUc20161021 c8456d8456